Responses for Show #7704 - Thursday, February 22, 2018

Rob Worman game 7.

Contestants

[<< previous game]

Alan Harrison, an administrative assistant from Seattle, Washington

Catherine Biba, a freelance writer from Geneva, Nebraska

Rob Worman, an escalation manager from Edina, Minnesota (whose 6-day cash winnings total $133,900)

[next game >>]

Jeopardy! Round responses

21st CENTURY BOY SCOUT MERIT BADGES
3-SYLLABLE WORDS
MOM GENES
PLACES TO "C"
LAUGH-IN AT 50
SOCK IT TO ME
    $200 26
[The end-of-round signal sounds.]

Goldie Hawn

Rob
    $200 7
sock monkeys

Rob
    $400 23
welding

Catherine
    $400 16
abdicate

Alan
    $1,200 25
Ruth Bader Ginsburg

Alan
    $400 24
Cambodia

Alan
    $400 22
Lorne Michaels

Rob
    $400 5
darning

Alan
    $600 12
search and rescue

Rob
    $600 9
ebony

Alan
    $600 14
Cindy Crawford

Catherine
    $600 21
(Alex: With less than a minute.)

Compton

Alan
    $600 1
Burbank

Alan
    $600 4
bobby socks

Catherine
    $800 13
Mars

Alan
    $800 10
harmony

Catherine
    $800 15
(Alan: Who is Leakey?)
(Alex: Need the first name.)
[Alan shakes his head.]

Mary Leakey

Alan
Triple Stumper
    $800 19
Cologne

Alan
    $800 2
[Alex blows a raspberry at the end of the clue.]

Lily Tomlin

Rob
    $800 6
pom-pom socks

Catherine
    $1000 18
geocaching

Rob
    $1000 11
consummate

Rob
    $1000 17
Irène Curie

Triple Stumper
    $1000 20
Covent Garden

Alan
    $1000 3
(Rob: Who is McGovern?)

(Hubert) Humphrey

RobAlan
    $1000 8
(Rob: What is [**]?)
[Originally ruled incorrect; reversed during the contestant interviews]

compression (or pressure)

Rob

Scores at the first commercial break (after clue 15):

Rob Catherine Alan
$2,600 $2,800 $2,600

Scores at the end of the Jeopardy! Round:

Rob Catherine Alan
$4,200 $3,200 $7,000

Double Jeopardy! Round responses

THEATRE OF THE ABSURD
RANDOM WORDS
RECENT R&B & HIP-HOP HITS
COLLUSION
GETTING RELIGION
AFRICA SINCE 1750
    $400 9
a clock or watch

Alan
    $400 20
(Alex: Less than a minute now.)

odd

Rob
    $400 12
Idi Amin

Alan
    $800 8
Paris

Alan
    $800 18
a stray

Catherine
    $800 5
a cartel

Alan
    $800 1
Mecca

Alan
    $800 13
Sierra Leone

Catherine
    $1200 2
Vaclav Havel

Triple Stumper
    $1200 19
an irregular verb

Alan
    $1200 14
Nicki Minaj

Rob
    $1200 6
a salary cap

Catherine
    $1200 7
Shinto

Alan
    $1200 15
(Alan: What are rhinoceroses?)

cattle

Alan
Triple Stumper
    $1600 3
Harold Pinter

Alan
    $1600 10
Egypt

Triple Stumper
    $1600 24
[The end-of-round signal sounds.]

Falun Gong

Catherine
    $1600 16
(Rob: What is Egypt?)

Ethiopia

RobAlan
    $2000 4
Eugène Ionesco

Alan
    $2000 21
incidentals

Rob
    $2000 22
Kendrick Lamar

Triple Stumper
    $1,400 11
(Alan: What are Sotheby's and... Fred's Lube. I don't know.)

Christie's and Sotheby's

Alan
    $2000 23
(Rob: Who is Muhammad?)

Elijah

Rob
Triple Stumper
    $1,000 17
Soweto

Alan

Scores at the end of the Double Jeopardy! Round:

Rob Catherine Alan
$4,200 $7,600 $16,200
(lock game)

[wagering suggestions for these scores]

Final Jeopardy! Round responses

ACTRESSES
(Alex: [To Alan] I bet you you produced this play. The play was Fences.)
RobWho is Boy this was fun! :-)
$4,199
CatherineWho is ?
$1,000
AlanWho is my mom?
$999
Viola Davis

Final scores:

Rob Catherine Alan
$1 $6,600 $15,201
3rd place: $1,000 2nd place: $2,000 New champion: $15,201

Game dynamics:

Coryat scores:

Rob Catherine Alan
$4,200 $7,600 $17,800
11 R,
3 W
9 R,
0 W
22 R
(including 2 DDs),
3 W
(including 1 DD)

Combined Coryat: $29,600

[game clues] [game scores] [suggest correction]

Game tape date: 2017-11-28
The J! Archive is created by fans, for fans. Scraping, republication, monetization, and malicious use prohibited; this site may use cookies and collect identifying information. See terms. The Jeopardy! game show and all elements thereof, including but not limited to copyright and trademark thereto, are the property of Jeopardy Productions, Inc. and are protected under law. This website is not affiliated with, sponsored by, or operated by Jeopardy Productions, Inc. Join the discussion at JBoard.tv.